[Event "Botvinnick"]
[Site "Quebec CAN"]
[Date "2018.01.29"]
[Round "1"]
[White "Chouinard, Marc"]
[Black "Fecteau, Martin"]
[Result "0-1"]
[WhiteElo "1601"]
[BlackElo "1984"]
[PlyCount "104"]
[EventDate "2018.01.29"]
[EventType "swiss"]
[EventRounds "5"]
[EventCountry "CAN"]

1. e4 c5 2. c3 Nf6 3. e5 Nd5 4. Nf3 Nc6 5. d4 cxd4 6. cxd4 e6 7. a3 d6 8. exd6
Bxd6 9. Bc4 O-O 10. O-O Qc7 11. Bd2 Nce7 12. Qe2 Nf4 13. Bxf4 Bxf4 14. Nc3 Bh6
15. d5 exd5 16. Nxd5 Nxd5 17. Bxd5 Bg4 18. Qe4 Bd7 19. Rfe1 Rae8 20. Qd4 Rxe1+
21. Rxe1 b6 22. Re7 Qc1+ 23. Re1 Qc8 24. Re7 Be6 25. g3 Qd8 26. Rxe6 fxe6 27.
Bxe6+ Kh8 28. Qe4 Qf6 29. Kg2 g6 30. b3 Bg7 31. h4 h5 32. Qe3 Qe7 33. a4 Rf6
34. Nd4 Qb7+ 35. Kg1 Rf8 36. Bc4 Bxd4 37. Qxd4+ Qg7 38. Qe3 Kh7 39. Kg2 Rd8 40.
Qe6 Rf8 41. Qe4 Rf6 42. Qd3 Qb7+ 43. Kg1 Qe7 44. Qd2 Rd6 45. Qf4 Rd1+ 46. Bf1
Qd7 47. Kg2 Qb7+ 48. Kg1 Qd5 49. Qf6 Re1 50. Qf4 Qe6 51. Kg2 Qe4+ 52. Qxe4 Rxe4
0-1

[Event "Botvinnick"]
[Site "Quebec CAN"]
[Date "2018.01.29"]
[Round "1"]
[White "Cossette, Daniel"]
[Black "Lescarbeau, Martin"]
[Result "1-0"]
[WhiteElo "2078"]
[BlackElo "1659"]
[PlyCount "41"]
[EventDate "2018.01.29"]
[EventType "swiss"]
[EventRounds "5"]
[EventCountry "CAN"]

1. e4 e5 2. Nf3 Nc6 3. d4 exd4 4. c3 d5 5. exd5 Qxd5 6. cxd4 Bg4 7. Be2 Nf6 8.
O-O O-O-O 9. Nc3 Qd7 10. Be3 Bxf3 11. Bxf3 Nxd4 12. Bxd4 Qxd4 13. Qb3 Qb6 14.
Qxf7 Rd7 15. Qc4 Qb4 16. Qe2 Bd6 17. a3 Qf4 18. g3 Qg5 19. Ne4 Qe5 20. Nxf6
Qxe2 21. Bxe2 1-0

[Event "Botvinnick"]
[Site "Quebec CAN"]
[Date "2018.01.29"]
[Round "1"]
[White "Dube, Daniel"]
[Black "Lapointe, Daniel"]
[Result "1-0"]
[WhiteElo "1916"]
[BlackElo "1565"]
[PlyCount "67"]
[EventDate "2018.01.29"]
[EventType "swiss"]
[EventRounds "5"]
[EventCountry "CAN"]

1. d4 Nf6 2. c4 c6 3. Nf3 d5 4. Nc3 e6 5. Bg5 Be7 6. e3 Nbd7 7. Bd3 O-O 8. O-O
h6 9. Bh4 dxc4 10. Bxc4 Nd5 11. Bxe7 Qxe7 12. e4 Nxc3 13. bxc3 b5 14. Bd3 Bb7
15. e5 Nb6 16. Nd2 Nd5 17. Ne4 a6 18. Qc2 Nf4 19. Rfe1 Nxd3 20. Qxd3 Kh8 21.
Qh3 Kh7 22. Nd6 Rh8 23. Qd3+ Kg8 24. f4 Rd8 25. f5 Rxd6 26. exd6 Qxd6 27. fxe6
fxe6 28. Qg6 Bc8 29. Re3 c5 30. Rae1 cxd4 31. Rxe6 Bxe6 32. Rxe6 Qxe6 33. Qxe6+
Kh7 34. cxd4 1-0

[Event "Botvinnick"]
[Site "Quebec CAN"]
[Date "2018.01.29"]
[Round "1"]
[White "Glode, Martin"]
[Black "Pouliot, Lewis"]
[Result "1-0"]
[WhiteElo "1896"]
[BlackElo "1420"]
[PlyCount "45"]
[EventDate "2018.01.29"]
[EventType "swiss"]
[EventRounds "5"]
[EventCountry "CAN"]

1. e4 e6 2. d4 d5 3. Nd2 Nf6 4. e5 Nfd7 5. Bd3 c5 6. c3 c4 7. Bc2 b5 8. Nh3 b4
9. O-O bxc3 10. bxc3 Nb6 11. Qg4 Bd7 12. Nf4 g6 13. a4 a5 14. Nf3 Bg7 15. Nh5
O-O 16. Bg5 f6 17. Nxf6+ Bxf6 18. exf6 Qe8 19. Ne5 Rf7 20. Bh6 Rxf6 21. Qh4 Rf5
22. Bxf5 exf5 23. Qf6 1-0

[Event "Botvinnick"]
[Site "Quebec CAN"]
[Date "2018.01.29"]
[Round "1"]
[White "Laprade, Jean jr"]
[Black "Lessard, Claude"]
[Result "0-1"]
[WhiteElo "1675"]
[BlackElo "2118"]
[PlyCount "52"]
[EventDate "2018.01.29"]
[EventType "swiss"]
[EventRounds "5"]
[EventCountry "CAN"]

1. e4 c6 2. d4 d5 3. Nc3 dxe4 4. Nxe4 Nf6 5. Nxf6+ exf6 6. Nf3 Bd6 7. h3 O-O 8.
Bd3 Re8+ 9. Kf1 Na6 10. c3 Nc7 11. Qc2 h6 12. Nh4 c5 13. Bf5 cxd4 14. Bxc8 Rxc8
15. Nf5 Ne6 16. Bxh6 gxh6 17. Nxh6+ Kg7 18. Nf5+ Kf8 19. Qd1 Rc5 20. Qh5 Rxf5
21. Qxf5 dxc3 22. bxc3 Be5 23. Qc2 Qc7 24. Rb1 Qc4+ 25. Qe2 Qxc3 26. Rd1 Nf4
0-1

[Event "Botvinnick"]
[Site "Quebec CAN"]
[Date "2018.01.29"]
[Round "1"]
[White "Poitras, Marc"]
[Black "Tremblay-Alix, Eric"]
[Result "0-1"]
[WhiteElo "1431"]
[BlackElo "1851"]
[PlyCount "52"]
[EventDate "2018.01.29"]
[EventType "swiss"]
[EventRounds "5"]
[EventCountry "CAN"]

1. d4 f5 2. Nf3 Nf6 3. c4 e6 4. Nc3 Be7 5. e4 fxe4 6. Ng5 d5 7. f3 h6 8. Nh3
O-O 9. Nf4 exf3 10. Qxf3 Qe8 11. cxd5 Bd6 12. dxe6 Bxe6 13. Be3 Ng4 14. O-O-O
Nxe3 15. Re1 Bxf4 16. Rxe3 Nd7 17. Bd3 Nb6 18. d5 Bxe3+ 19. Qxe3 Bf5 20. Re1
Bxd3 21. Qe6+ Qxe6 22. dxe6 Rf2 23. Rd1 Bg6 24. Rd4 Raf8 25. e7 Rc2+ 26. Kb1
Rxc3+ 0-1

[Event "Botvinnick"]
[Site "Quebec CAN"]
[Date "2018.01.29"]
[Round "1"]
[White "Tremblay, Rejean"]
[Black "Leblanc-Legault, Mathieu"]
[Result "1-0"]
[WhiteElo "2240"]
[BlackElo "1694"]
[PlyCount "41"]
[EventDate "2018.01.29"]
[EventType "swiss"]
[EventRounds "5"]
[EventCountry "CAN"]

1. d4 d5 2. c4 e6 3. Nc3 Nf6 4. cxd5 exd5 5. Bg5 c6 6. Qc2 Be7 7. e3 O-O 8. Bd3
h6 9. Bh4 Be6 10. Nge2 Na6 11. Bxa6 bxa6 12. O-O Rb8 13. Bxf6 Bxf6 14. Na4 Qa5
15. b3 Be7 16. Nf4 Rfc8 17. Nxe6 fxe6 18. Qg6 Bf6 19. Nc5 e5 20. Nd7 Be7 21.
Qe6+ 1-0

[Event "Botvinnick"]
[Site "Quebec CAN"]
[Date "2018.02.05"]
[Round "2"]
[White "Ayotte, Charles"]
[Black "Glode, Martin"]
[Result "1/2-1/2"]
[WhiteElo "1585"]
[BlackElo "1896"]
[PlyCount "78"]
[EventDate "2018.01.29"]
[EventType "swiss"]
[EventRounds "5"]
[EventCountry "CAN"]

1. d4 d5 2. c4 e6 3. e3 c6 4. Be2 Bd6 5. Nd2 Nf6 6. Ngf3 Nbd7 7. O-O O-O 8. Re1
b6 9. b3 Bb7 10. Nf1 Ne4 11. Bd3 c5 12. Bxe4 dxe4 13. N3d2 f5 14. Rb1 Qe7 15.
Bb2 Rad8 16. dxc5 Nxc5 17. Ng3 Nd3 18. Re2 Qh4 19. Ndf1 Nxb2 20. Rbxb2 Be5 21.
Rbd2 Qf6 22. Rxd8 Rxd8 23. Rd2 Bc7 24. Rxd8+ Qxd8 25. Qxd8+ Bxd8 26. Nd2 Bf6
27. Kf1 Kf7 28. Ne2 e5 29. f3 exf3 30. gxf3 Ke6 31. Kf2 Bh4+ 32. Kf1 Be7 33.
Kf2 Bc5 34. Nf1 g5 35. Nc3 Bc6 36. Ke2 a6 37. e4 fxe4 38. fxe4 Bd4 39. Nd5 Bxd5
1/2-1/2

[Event "Botvinnick"]
[Site "Quebec CAN"]
[Date "2018.02.05"]
[Round "2"]
[White "Beauchesne, Jonathan"]
[Black "Dube, Daniel"]
[Result "0-1"]
[WhiteElo "1810"]
[BlackElo "1916"]
[PlyCount "131"]
[EventDate "2018.01.29"]
[EventType "swiss"]
[EventRounds "5"]
[EventCountry "CAN"]

1. e4 e5 2. Nf3 Nc6 3. Bb5 a6 4. Ba4 d6 5. O-O Bd7 6. c3 Nf6 7. Re1 Be7 8. d4
O-O 9. h3 b5 10. Bc2 h6 11. Nbd2 Nh7 12. Nf1 Bf6 13. Ng3 Ng5 14. Nxg5 Bxg5 15.
d5 Ne7 16. Bxg5 hxg5 17. a4 Rb8 18. axb5 axb5 19. b4 Ng6 20. Qf3 Nf4 21. Ne2
Qf6 22. Nxf4 Qxf4 23. Qxf4 gxf4 24. Ra7 Rfc8 25. Rea1 Be8 26. R1a3 c6 27. dxc6
Rxc6 28. Bd3 Rcb6 29. Be2 Kf8 30. Bg4 R6b7 31. Rxb7 Rxb7 32. Ra5 Ke7 33. Kf1
Bc6 34. f3 g6 35. h4 d5 36. Ra6 Rc7 37. exd5 Bxd5 38. Ke2 f5 39. Bh3 Rc6 40.
Rxc6 Bxc6 41. h5 gxh5 42. Bxf5 h4 43. Kd3 Kf6 44. Bc8 Bd5 45. Bd7 Bc4+ 46. Ke4
Ke7 47. Bh3 Kd6 48. Kf5 Be6+ 49. Kg5 Bxh3 50. gxh3 Kd5 51. Kf5 Kc4 52. Kxe5
Kxc3 53. Kxf4 Kxb4 54. Ke5 Kc4 55. f4 b4 56. f5 b3 57. f6 b2 58. f7 b1=Q 59.
f8=Q Qb5+ 60. Ke6 Qc6+ 61. Ke5 Qb5+ 62. Ke6 Qb6+ 63. Kd7 Qb7+ 64. Ke6 Qd5+ 65.
Kf6 Qf3+ 66. Kg7 0-1

[Event "Botvinnick"]
[Site "Quebec CAN"]
[Date "2018.02.05"]
[Round "2"]
[White "Bluteau, Yvon"]
[Black "Cossette, Daniel"]
[Result "0-1"]
[WhiteElo "1767"]
[BlackElo "2078"]
[PlyCount "94"]
[EventDate "2018.01.29"]
[EventType "swiss"]
[EventRounds "5"]
[EventCountry "CAN"]

1. Nf3 d5 2. d4 e6 3. g3 c5 4. c3 Nf6 5. Bg2 Nc6 6. O-O Be7 7. Bg5 Ne4 8. Bxe7
Qxe7 9. Nbd2 f5 10. dxc5 Qxc5 11. Nb3 Qe7 12. Nbd4 O-O 13. Nxc6 bxc6 14. Nd2
Bd7 15. Nxe4 fxe4 16. Qd2 Rad8 17. f3 exf3 18. Rxf3 Rxf3 19. Bxf3 e5 20. Qe3
Be8 21. Rd1 Bf7 22. b3 Qc7 23. Qc5 Qb6 24. Qxb6 axb6 25. c4 Kf8 26. cxd5 cxd5
27. Rc1 Ke7 28. Kf2 Kd6 29. e3 Ra8 30. a4 Ra5 31. Bd1 Rc5 32. Rb1 Bg6 33. Rb2
Rc1 34. Ke1 Bh5 35. Rd2 Bxd1 36. Rxd1 Rxd1+ 37. Kxd1 Kc5 38. Kd2 Kb4 39. Kc2 d4
40. exd4 exd4 41. h3 d3+ 42. Kxd3 Kxb3 43. Kd4 Kxa4 44. Kc4 b5+ 45. Kc3 Ka3 46.
g4 b4+ 47. Kc2 Ka2 0-1

[Event "Botvinnick"]
[Site "Quebec CAN"]
[Date "2018.02.05"]
[Round "2"]
[White "Fecteau, Martin"]
[Black "Garneau, Benoit"]
[Result "0-1"]
[WhiteElo "1984"]
[BlackElo "1782"]
[PlyCount "62"]
[EventDate "2018.01.29"]
[EventType "swiss"]
[EventRounds "5"]
[EventCountry "CAN"]

1. Nf3 g6 2. d4 Bg7 3. e4 c5 4. Bc4 cxd4 5. Nxd4 Nc6 6. Ne2 Nf6 7. Nbc3 O-O 8.
O-O d6 9. a3 a6 10. a4 Bd7 11. Ba2 b5 12. f3 b4 13. Nd5 Nxd5 14. Bxd5 Qb6+ 15.
Kh1 Rac8 16. Ra2 e6 17. Bxc6 Qxc6 18. c3 bxc3 19. bxc3 Qc4 20. Ra3 d5 21. exd5
exd5 22. Nd4 Rfe8 23. Bb2 Re3 24. Ra1 Rd3 25. Qe1 Re8 26. Qg3 Rde3 27. Rae1
Bxa4 28. Rc1 Be5 29. Qg5 Bg7 30. Qg3 Qd3 31. Ba3 Bxd4 0-1

[Event "Botvinnick"]
[Site "Quebec CAN"]
[Date "2018.02.05"]
[Round "2"]
[White "Flor, Gerson"]
[Black "Chouinard, Marc"]
[Result "1-0"]
[WhiteElo "1408"]
[BlackElo "1601"]
[PlyCount "67"]
[EventDate "2018.01.29"]
[EventType "swiss"]
[EventRounds "5"]
[EventCountry "CAN"]

1. e4 d5 2. exd5 Qxd5 3. Nc3 Qa5 4. d4 Nf6 5. Bd2 c6 6. Nf3 Bg4 7. Ne4 Qb6 8.
Nxf6+ exf6 9. Bc3 Be7 10. Qd3 O-O 11. Be2 Na6 12. a4 Nb4 13. Qd2 Rad8 14. O-O
a5 15. Ne1 Bf5 16. Bd3 Bxd3 17. Nxd3 Rd7 18. Rfe1 Nxd3 19. Qxd3 Bb4 20. Rad1
Rfd8 21. Qe3 h6 22. Rd3 Bxc3 23. bxc3 Qb2 24. Qc1 Qa2 25. Qa1 Qxc2 26. Rde3 Qf5
27. Re8+ Rxe8 28. Rxe8+ Kh7 29. g3 Qf3 30. Qb1+ g6 31. Qe1 Kg7 32. Rb8 c5 33.
Qe8 h5 34. Qh8# 1-0

[Event "Botvinnick"]
[Site "Quebec CAN"]
[Date "2018.02.05"]
[Round "2"]
[White "Gaulin, Elie"]
[Black "Boissinot, Claude"]
[Result "1-0"]
[WhiteElo "1110"]
[BlackElo "1511"]
[PlyCount "89"]
[EventDate "2018.01.29"]
[EventType "swiss"]
[EventRounds "5"]
[EventCountry "CAN"]

1. d4 Nf6 2. c4 e6 3. Nf3 Be7 4. Bf4 b6 5. Nc3 Bb7 6. e3 a6 7. a3 O-O 8. Bd3 d5
9. cxd5 exd5 10. b4 Nbd7 11. Rb1 b5 12. Ne5 Nb6 13. Qc2 h6 14. h3 Rc8 15. Bf5
Ra8 16. O-O Nc4 17. Nxc4 dxc4 18. Rbd1 Bd6 19. Bh2 Bxh2+ 20. Kxh2 Re8 21. Rfe1
Qd6+ 22. Kg1 Rad8 23. Rb1 Qc6 24. f3 Re7 25. a4 Qe8 26. Qd2 Bc6 27. e4 Bd7 28.
Bxd7 Rdxd7 29. d5 c6 30. Rbd1 Qd8 31. axb5 cxb5 32. e5 Nh5 33. g4 a5 34. gxh5
axb4 35. Na2 b3 36. Nb4 Qa5 37. Nc6 Qb6+ 38. Qf2 Qxf2+ 39. Kxf2 Re8 40. Ke3 Rc7
41. Kd4 Rd7 42. f4 Ra8 43. Ra1 Rxa1 44. Rxa1 Kf8 45. Ra8+ 1-0

[Event "Botvinnick"]
[Site "Quebec CAN"]
[Date "2018.02.05"]
[Round "2"]
[White "Gaulin, Gaetan"]
[Black "Bernatchez, Dan"]
[Result "0-1"]
[WhiteElo "1947"]
[BlackElo "1967"]
[PlyCount "90"]
[EventDate "2018.01.29"]
[EventType "swiss"]
[EventRounds "5"]
[EventCountry "CAN"]

1. Nf3 Nf6 2. c4 c5 3. Nc3 Nc6 4. d4 cxd4 5. Nxd4 g6 6. g3 Bg7 7. Bg2 O-O 8.
O-O Qb6 9. Ndb5 a6 10. Be3 Qa5 11. Na3 Qh5 12. Bb6 d6 13. e4 Bg4 14. f3 Be6 15.
Qd2 Nd7 16. Be3 Nc5 17. Ne2 Qe5 18. Rab1 f5 19. b4 Nd7 20. f4 Qf6 21. Rfc1 fxe4
22. Bxe4 Bf5 23. Bxf5 Qxf5 24. Qd5+ Qf7 25. Qxf7+ Kxf7 26. Nc2 e5 27. Rd1 Ke6
28. Kg2 a5 29. b5 Ne7 30. Bf2 Rac8 31. Ne3 Nf5 32. Rbc1 Nxe3+ 33. Bxe3 Rc7 34.
Rc2 Rfc8 35. Rdc1 Nc5 36. Bxc5 Rxc5 37. a4 Kf5 38. h3 h5 39. Kf3 e4+ 40. Ke3 d5
41. Nd4+ Bxd4+ 42. Kxd4 h4 43. Rc3 Rxc4+ 44. Rxc4 Rxc4+ 45. Rxc4 dxc4 0-1

[Event "Botvinnick"]
[Site "Quebec CAN"]
[Date "2018.02.05"]
[Round "2"]
[White "Leblanc-Legault, Mathieu"]
[Black "Poitras, Marc"]
[Result "1-0"]
[WhiteElo "1694"]
[BlackElo "1431"]
[PlyCount "57"]
[EventDate "2018.01.29"]
[EventType "swiss"]
[EventRounds "5"]
[EventCountry "CAN"]

1. e3 d6 2. d4 Nf6 3. Nf3 g6 4. Be2 Bg7 5. O-O O-O 6. b4 b6 7. c4 c5 8. bxc5
dxc5 9. Nc3 Nbd7 10. a4 Bb7 11. Bb2 Qc7 12. Nb5 Qb8 13. Nd2 a6 14. Nc3 Rd8 15.
Bf3 h5 16. h3 Ra7 17. Bxb7 Rxb7 18. Qf3 Qc8 19. Rfe1 cxd4 20. exd4 Nc5 21. Nce4
Nfxe4 22. Nxe4 Bxd4 23. Nxc5 Bxc5 24. Rad1 Rbd7 25. g4 Qc7 26. Rxd7 Rxd7 27.
gxh5 Rd2 28. Re2 Rxe2 29. Qa8+ 1-0

[Event "Botvinnick"]
[Site "Quebec CAN"]
[Date "2018.02.05"]
[Round "2"]
[White "Lessard, Claude"]
[Black "Dube, Dominic"]
[Result "1-0"]
[WhiteElo "2118"]
[BlackElo "1827"]
[PlyCount "91"]
[EventDate "2018.01.29"]
[EventType "swiss"]
[EventRounds "5"]
[EventCountry "CAN"]

1. d4 c6 2. Nf3 d5 3. e3 Bg4 4. Nbd2 Nd7 5. c4 e6 6. cxd5 exd5 7. Bd3 Ngf6 8.
h3 Bh5 9. Qc2 Bd6 10. O-O Qc7 11. b3 Bg6 12. Bb2 Bxd3 13. Qxd3 O-O-O 14. Rfc1
h6 15. Bc3 g5 16. b4 g4 17. hxg4 Nxg4 18. b5 Nb8 19. bxc6 Nxc6 20. Nb3 Kb8 21.
Ba5 b6 22. Qb5 Rc8 23. Be1 Ba3 24. Nc5 Ka8 25. Rc3 bxc5 26. Rxa3 Ne7 27. dxc5
Qxc5 28. Qa4 Rhg8 29. Bb4 Qc7 30. Bd6 Qb7 31. Nd4 Rc4 32. Qb3 Rgc8 33. Qxb7+
Kxb7 34. Rb1+ Ka8 35. g3 Nc6 36. Nb5 a5 37. Nc7+ Ka7 38. Rab3 Nb4 39. a3 Rd8
40. axb4 axb4 41. Bxb4 Kb6 42. Bd6+ Kc6 43. Rb6+ Kd7 44. Nxd5 Rc6 45. Bf4 h5
46. Rd1 1-0

[Event "Botvinnick"]
[Site "Quebec CAN"]
[Date "2018.02.05"]
[Round "2"]
[White "Pouliot, Lewis"]
[Black "Laprade, Jean jr"]
[Result "1-0"]
[WhiteElo "1420"]
[BlackElo "1675"]
[PlyCount "85"]
[EventDate "2018.01.29"]
[EventType "swiss"]
[EventRounds "5"]
[EventCountry "CAN"]

1. d4 Nf6 2. c4 e6 3. Bg5 Be7 4. Nc3 d5 5. e3 c6 6. Qc2 O-O 7. Nf3 Nbd7 8. Bd3
h6 9. Bh4 b6 10. cxd5 cxd5 11. O-O Bb7 12. Rac1 Rc8 13. Qe2 Ne4 14. Bxe7 Qxe7
15. Ba6 Nb8 16. Bxb7 Qxb7 17. Nxe4 dxe4 18. Nd2 Nd7 19. Nb3 Nf6 20. Rxc8 Rxc8
21. Rc1 Rxc1+ 22. Nxc1 Qc6 23. Nb3 Qa4 24. Nc1 Nd5 25. h3 Qc6 26. Qd2 a5 27.
Ne2 Qc4 28. Nc3 b5 29. a3 Nxc3 30. Qxc3 Qxc3 31. bxc3 a4 32. Kf1 Kf8 33. Ke2
Ke7 34. f3 f5 35. Kd2 Kd6 36. c4 bxc4 37. Kc3 Kd5 38. h4 h5 39. f4 g6 40. Kb4
Kd6 41. Kxc4 Kc6 42. Kb4 Kb6 43. Kxa4 1-0

[Event "Botvinnick"]
[Site "Quebec CAN"]
[Date "2018.02.05"]
[Round "2"]
[White "Tremblay-Alix, Eric"]
[Black "Tremblay, Rejean"]
[Result "0-1"]
[WhiteElo "1851"]
[BlackElo "2240"]
[PlyCount "82"]
[EventDate "2018.01.29"]
[EventType "swiss"]
[EventRounds "5"]
[EventCountry "CAN"]

1. e4 c5 2. b4 cxb4 3. d4 d5 4. e5 Bf5 5. Bd2 Nc6 6. Nf3 Qb6 7. c3 e6 8. Qa4 a6
9. Be2 Be4 10. O-O Rc8 11. cxb4 Bxb4 12. a3 Bxf3 13. Bxf3 Bxd2 14. Nxd2 Qxd4
15. Qc2 Nge7 16. Nb3 Qa4 17. Qb2 Qb5 18. Rab1 O-O 19. Rfe1 Ng6 20. Qa1 Ncxe5
21. Be2 Qd7 22. Na5 b5 23. a4 Rb8 24. axb5 axb5 25. Qd4 Rfc8 26. h4 Nc6 27.
Nxc6 Qxc6 28. h5 Ne7 29. Qb4 Qc5 30. Qg4 h6 31. Bd3 d4 32. Qe4 Qxh5 33. Qh7+
Kf8 34. Qh8+ Ng8 35. Bh7 Qg5 36. Rbd1 Ke7 37. Bxg8 Rxg8 38. Qh7 f5 39. Ra1 Rh8
40. Ra7+ Kf6 41. f4 Qg4 0-1

[Event "Botvinnick"]
[Site "Quebec CAN"]
[Date "2018.02.12"]
[Round "3"]
[White "Bernatchez, Dan"]
[Black "Fecteau, Martin"]
[Result "0-1"]
[WhiteElo "1967"]
[BlackElo "1984"]
[PlyCount "82"]
[EventDate "2018.01.29"]
[EventType "swiss"]
[EventRounds "5"]
[EventCountry "CAN"]

1. d4 d5 2. c4 c6 3. g3 Bf5 4. Bg2 e6 5. Nf3 h6 6. O-O Nf6 7. Nc3 Bd6 8. Re1
O-O 9. b3 Nbd7 10. Bb2 Ne4 11. Nxe4 Bxe4 12. Ne5 Bxg2 13. Nxd7 Qxd7 14. Kxg2
Bb4 15. Rf1 f5 16. Qd3 Bd6 17. e3 Rae8 18. f4 Be7 19. a4 Rf6 20. a5 a6 21. Ba3
Bd8 22. Bc5 Bc7 23. Qe2 Kh7 24. Kf2 Qf7 25. Ra2 g5 26. h3 Rg8 27. Rg1 Rfg6 28.
Qd3 gxf4 29. exf4 Bxf4 30. g4 Kh8 31. Qf3 Bb8 32. Re2 Rf6 33. g5 hxg5 34. Re3
Rh6 35. Qe2 g4 36. hxg4 Rh2+ 37. Rg2 Rxg2+ 38. Kxg2 Rxg4+ 39. Kf1 Qg6 40. Rf3
Rg1+ 41. Kf2 Rg2+ 0-1

[Event "Botvinnick"]
[Site "Quebec CAN"]
[Date "2018.02.12"]
[Round "3"]
[White "Flor, Gerson"]
[Black "Beauchesne, Jonathan"]
[Result "0-1"]
[WhiteElo "1408"]
[BlackElo "1810"]
[PlyCount "92"]
[EventDate "2018.01.29"]
[EventType "swiss"]
[EventRounds "5"]
[EventCountry "CAN"]

1. e4 d6 2. d4 Nf6 3. Nc3 g6 4. Nf3 Bg7 5. Be2 O-O 6. O-O Nbd7 7. Rb1 e5 8.
dxe5 dxe5 9. Bg5 c6 10. Qd2 Qc7 11. Rfd1 Nc5 12. Qe3 Ne6 13. h3 Nxg5 14. Nxg5
h6 15. Nf3 Be6 16. Rd2 b6 17. Rbd1 Nh5 18. Nh2 Nf4 19. Bg4 Rfd8 20. Bxe6 Nxe6
21. Nf3 Rxd2 22. Nxd2 Nd4 23. Qd3 Rd8 24. Qc4 Qc8 25. Qa4 Qc7 26. Qc4 Qb7 27.
Nb3 Rd7 28. Nxd4 Rxd4 29. Rxd4 exd4 30. Ne2 d3 31. cxd3 Bxb2 32. Nf4 Kg7 33. d4
Qd7 34. d5 cxd5 35. exd5 Be5 36. Nd3 Bd6 37. f4 Qe7 38. Ne5 f6 39. Nc6 Qe3+ 40.
Kf1 Bc5 41. Nd4 Qxf4+ 42. Ke2 Qxd4 43. Qxd4 Bxd4 44. d6 Kf7 45. Kd3 Be5 46. d7
Ke7 0-1

[Event "Botvinnick"]
[Site "Quebec CAN"]
[Date "2018.02.12"]
[Round "3"]
[White "Garneau, Benoit"]
[Black "Lessard, Claude"]
[Result "1-0"]
[WhiteElo "1782"]
[BlackElo "2118"]
[PlyCount "53"]
[EventDate "2018.01.29"]
[EventType "swiss"]
[EventRounds "5"]
[EventCountry "CAN"]

1. e4 c5 2. Nf3 d6 3. d4 cxd4 4. Nxd4 Nf6 5. Nc3 g6 6. Be2 Bg7 7. Be3 O-O 8. h3
Nc6 9. Qd2 Nxd4 10. Bxd4 Be6 11. f4 Qa5 12. Bf3 Rac8 13. O-O Rc4 14. Be3 Rfc8
15. Rad1 b6 16. g4 Rb4 17. e5 dxe5 18. f5 Bc4 19. Qd8+ Rxd8 20. Rxd8+ Bf8 21.
Bh6 Qc5+ 22. Kh1 e6 23. Rfd1 e4 24. g5 Nd5 25. Nxe4 Qe7 26. Nf6+ Nxf6 27. gxf6
1-0

[Event "Botvinnick"]
[Site "Quebec CAN"]
[Date "2018.02.12"]
[Round "3"]
[White "Lescarbeau, Martin"]
[Black "Tremblay-Alix, Eric"]
[Result "1-0"]
[WhiteElo "1659"]
[BlackElo "1851"]
[PlyCount "73"]
[EventDate "2018.01.29"]
[EventType "swiss"]
[EventRounds "5"]
[EventCountry "CAN"]

1. e4 e5 2. Nf3 Nf6 3. d4 exd4 4. e5 Bb4+ 5. Bd2 Qe7 6. Qe2 Nd5 7. Nxd4 O-O 8.
c3 Bc5 9. Qe4 Nb6 10. Bd3 g6 11. O-O Re8 12. b4 Bxd4 13. cxd4 d5 14. Qe2 Nc6
15. a3 Nxd4 16. Qd1 Bf5 17. Bc3 Bxd3 18. Qxd3 Nc6 19. f4 Rad8 20. Nd2 Na4 21.
Bd4 Nxd4 22. Qxd4 Qd7 23. Rad1 b6 24. Ne4 Re6 25. Nf6+ Rxf6 26. exf6 c5 27.
bxc5 bxc5 28. Qe5 Nb6 29. Qg5 Qd6 30. f5 h6 31. Qh4 Kh7 32. fxg6+ fxg6 33. Rd3
Qf8 34. Re3 Rd7 35. Re7+ Kh8 36. Rfe1 g5 37. Qh5 1-0

[Event "Botvinnick"]
[Site "Quebec CAN"]
[Date "2018.02.12"]
[Round "3"]
[White "Potvin, Alain-Nicolas"]
[Black "Glode, Martin"]
[Result "0-1"]
[WhiteElo "1790"]
[BlackElo "1896"]
[PlyCount "96"]
[EventDate "2018.01.29"]
[EventType "swiss"]
[EventRounds "5"]
[EventCountry "CAN"]

1. d4 d5 2. Nf3 Nf6 3. e3 c5 4. b3 cxd4 5. exd4 Nc6 6. Bb2 Bg4 7. Nbd2 g6 8.
Bd3 Bg7 9. O-O O-O 10. a3 Nh5 11. h3 Be6 12. Re1 Nf4 13. Bf1 Bf5 14. Rc1 h5 15.
Ne5 Nxe5 16. dxe5 Bh6 17. g4 hxg4 18. hxg4 e6 19. Re3 Qg5 20. Rg3 Nh5 21. gxh5
Qxd2 22. hxg6 fxg6 23. Qxd2 Bxd2 24. Rd1 Bf4 25. Rgd3 Rac8 26. Rd4 Bxe5 27. c4
Bxd4 28. Rxd4 dxc4 29. Bxc4 Rfd8 30. Rh4 g5 31. Rh6 Kf7 32. Be5 Bg6 33. a4 Rc5
34. Bb2 Rg8 35. Rh3 Bf5 36. Re3 g4 37. Kg2 Rg6 38. Kg3 Rh6 39. Kf4 Rh3 40. Re2
Rf3+ 41. Kg5 Bd3+ 42. Kxg4 Bxe2 43. Bxe2 Rxf2 44. Bd4 Rxe2 45. Bxc5 b6 46. Bd6
a6 47. Bc7 b5 48. axb5 axb5 0-1

[Event "Botvinnick"]
[Site "Quebec CAN"]
[Date "2018.02.12"]
[Round "3"]
[White "Pouliot, Lewis"]
[Black "Bluteau, Yvon"]
[Result "0-1"]
[WhiteElo "1420"]
[BlackElo "1767"]
[PlyCount "104"]
[EventDate "2018.01.29"]
[EventType "swiss"]
[EventRounds "5"]
[EventCountry "CAN"]

1. d4 Nf6 2. c4 c6 3. Nc3 g6 4. Nf3 d5 5. e3 Bg7 6. Be2 O-O 7. O-O Bg4 8. cxd5
cxd5 9. Qb3 b6 10. h3 Bf5 11. Bd2 h5 12. Rac1 a6 13. Nh4 Be6 14. f4 Ne4 15. Be1
Bf6 16. Nxe4 dxe4 17. Qc2 Bd5 18. g4 e6 19. gxh5 Bxh4 20. hxg6 fxg6 21. Bg4 Ra7
22. Bb4 Be7 23. Bxe7 Qxe7 24. a3 Nc6 25. Qf2 Qf6 26. Qd2 Ne7 27. Rc2 Nf5 28.
Rfc1 Qh4 29. Bxf5 gxf5 30. Rc7 Qg3+ 31. Qg2 Qxg2+ 32. Kxg2 Rf7 33. Rxa7 Rxa7
34. h4 Kg7 35. Kh3 a5 36. h5 Kh6 37. Kh4 Rg7 38. Rc8 Rg4+ 39. Kh3 Kxh5 40. Rh8+
Kg6 41. Rg8+ Kf6 42. Rxg4 fxg4+ 43. Kxg4 Bb3 44. Kh5 a4 45. Kg4 Kg6 46. Kh4 Bd1
47. Kg3 Kh5 48. f5 exf5 49. Kf4 Kg6 50. Ke5 Be2 51. d5 Bb5 52. d6 Bd7 0-1

[Event "Botvinnick"]
[Site "Quebec CAN"]
[Date "2018.02.12"]
[Round "3"]
[White "Tremblay, Rejean"]
[Black "Cossette, Daniel"]
[Result "1-0"]
[WhiteElo "2240"]
[BlackElo "2078"]
[PlyCount "81"]
[EventDate "2018.01.29"]
[EventType "swiss"]
[EventRounds "5"]
[EventCountry "CAN"]

1. d4 d5 2. Nf3 e6 3. c4 c5 4. cxd5 exd5 5. Nc3 Nf6 6. g3 Nc6 7. Bg2 Be7 8. O-O
O-O 9. dxc5 Bxc5 10. Bg5 d4 11. Bxf6 Qxf6 12. Nd5 Qd8 13. Nd2 Bg4 14. h3 Be6
15. Nf4 Bd6 16. Nxe6 fxe6 17. Ne4 Rf7 18. Qb3 Qe7 19. Rac1 Raf8 20. h4 h6 21.
Bh3 Nd8 22. Rc8 e5 23. Qd5 Bc7 24. Rc1 Bb6 25. Nd6 Kh8 26. Nxf7+ Rxf7 27. Bg2
Qf6 28. Kh2 g5 29. hxg5 hxg5 30. Rf1 Rh7+ 31. Kg1 Kg7 32. Be4 Rh6 33. Qd7+ Nf7
34. Qxb7 d3 35. Bxd3 Qd6 36. Bc4 Rf6 37. e3 Qd2 38. Bxf7 Rxf7 39. Qh1 Kg6 40.
Rg8+ Kf5 41. Qh5 1-0

[Event "Botvinnick"]
[Site "Quebec CAN"]
[Date "2018.02.19"]
[Round "4"]
[White "Cossette, Daniel"]
[Black "Beauchesne, Jonathan"]
[Result "1/2-1/2"]
[WhiteElo "2078"]
[BlackElo "1810"]
[PlyCount "112"]
[EventDate "2018.01.29"]
[EventType "swiss"]
[EventRounds "5"]
[EventCountry "CAN"]

1. e4 c5 2. Nf3 d6 3. Bb5+ Bd7 4. Bxd7+ Qxd7 5. c4 Nc6 6. d4 cxd4 7. Nxd4 Nf6
8. Nc3 g6 9. O-O Bg7 10. Nde2 O-O 11. f3 Rfd8 12. Bg5 Ne5 13. b3 h6 14. Bh4 g5
15. Bf2 g4 16. f4 Ng6 17. Rc1 e6 18. Qd3 d5 19. cxd5 exd5 20. e5 Ne8 21. Bd4
Nc7 22. Rce1 Ne6 23. f5 Nxd4 24. fxg6 Nxe2+ 25. Nxe2 fxg6 26. Qxg6 Rf8 27. Ng3
Rxf1+ 28. Rxf1 Rf8 29. Rxf8+ Kxf8 30. e6 Qc7 31. Qf5+ Ke8 32. Qxd5 Qc1+ 33. Nf1
Qc7 34. g3 Ke7 35. Nd2 Qc6 36. Qxc6 bxc6 37. Kf2 Kxe6 38. Ke3 Kf5 39. Nc4 h5
40. Na5 c5 41. Nc6 a6 42. Nb8 a5 43. Nc6 Bc3 44. Kd3 Be1 45. Ne7+ Kf6 46. Nd5+
Ke5 47. Nf4 Bf2 48. Nxh5 Bg1 49. Ke2 Bxh2 50. Kf2 Kd4 51. Nf6 c4 52. bxc4 Kxc4
53. Nxg4 Bxg3+ 54. Kxg3 Kc3 55. a4 Kb4 56. Ne3 Kxa4 1/2-1/2